书目信息 |
| 题名: |
踢来踢去
|
|
| 作者: | 范江怀 著 | |
| 分册: | ||
| 出版信息: | 北京 中国文联出版社 2001 |
|
| 页数: | 487页 | |
| 开本: | 20cm | |
| 丛书名: | ||
| 单 册: | ||
| 中图分类: | I247.57 , D631 | |
| 科图分类: | ||
| 主题词: | 长篇小说--中国--现代 , 长篇小说 , 政治--中国 | |
| 电子资源: | ||
| ISBN: | 7-5059-3828-2 | |
| 000 | 00619nam0 2200241 450 | |
| 001 | 1561588290 | |
| 005 | 20170926122450.15 | |
| 010 | @a7-5059-3828-2@dCNY25.00 | |
| 100 | @a20010918d2001 em y0chiy0110 ea | |
| 101 | 0 | @achi |
| 102 | @aCN@b110000 | |
| 105 | @ay z 000ay | |
| 200 | 1 | @a踢来踢去@9ti lai ti qu@f范江怀著 |
| 210 | @a北京@c中国文联出版社@d2001 | |
| 215 | @a487页@d20cm | |
| 606 | 0 | @a长篇小说@y中国@z现代 |
| 606 | 0 | @a长篇小说 |
| 606 | 0 | @a政治@x中国 |
| 690 | @aI247.57@v5 | |
| 690 | @aD631@v4 | |
| 701 | 0 | @a范江怀@9fan jiang huai@4著 |
| 801 | 0 | @aCN@bTSSF@c20150115 |
| 905 | @aZUCC@dD631@eJY2 | |
| 踢来踢去/范江怀著.-北京:中国文联出版社,2001 |
| 487页;20cm |
| ISBN 7-5059-3828-2:CNY25.00 |
| ● |
| 相关链接 |
|
|
|
|
正题名:踢来踢去
索取号:D631/JY2
 
预约/预借
| 序号 | 登录号 | 条形码 | 馆藏地/架位号 | 状态 | 备注 |
| 1 | 7850746 | 278507466 | 学院路分馆/ [索取号:D631/JY2] | 在馆 | |
| 2 | 7850747 | 278507475 | 学院路分馆/ [索取号:D631/JY2] | 在馆 |